| 000 | 00330nam a22001337a 4500 | ||
|---|---|---|---|
| 003 | SGT | ||
| 020 | _a9788170335450 | ||
| 082 |
_a306.0954 _bAHU |
||
| 100 | _aAHUJA , RAM | ||
| 245 |
_aSOCIETY IN INDIA _bCONCEPTS THEORIES AND RECENT TRENDS |
||
| 260 |
_aJAIPUR _bRAWAT PUBLICATION _c2020 |
||
| 300 | _aXII , 504 | ||
| 942 |
_2ddc _cBK _06 |
||
| 999 |
_c20953 _d20953 |
||